| 000 | 00621nmm a2200241 a 4500 | ||
|---|---|---|---|
| 003 | AR-X00000XY | ||
| 005 | 20251128211916.0 | ||
| 008 | 147020s2004 ||||||||||||||000 | spa|| | ||
| 020 | _a958-704-196-8 | ||
| 040 | _cAR-X00000XY | ||
| 100 | 1 | _aMejía Vallejo, Manuel | |
| 245 | 1 | 0 | _aCuentos completos |
| 260 |
_aBogotá _bAlfaguara _c2004 |
||
| 300 | 0 | _a564 p. | |
| 500 | 0 | _aDonación de la Embajada de Colombia en Buenos Aires | |
| 650 | 4 | _aCUENTOS | |
| 650 | 4 | _aLITERATURA CONTEMPORANEA | |
| 651 | 4 | _aColombia | |
| 653 | 0 | _aLITERATURA COLOMBIANA | |
| 655 | _aLITERATURA | ||
| 942 | _cBK | ||
| 998 | _cNancy | ||
| 999 |
_c21579 _d21579 |
||